| 000 | 00432nam a2200157Ia 4500 | ||
|---|---|---|---|
| 008 | 230312s9999||||xx |||||||||||||| ||und|| | ||
| 020 | _a0-471-43222-9 | ||
| 082 |
_a621.382 _bHAY-I |
||
| 100 | _aHaykin;Simon | ||
| 245 | 0 | _aIntroduction to Analog & Digital Communications | |
| 260 |
_bWiley _aIndia _c2007 |
||
| 300 | _a515 | ||
| 546 | _aEng. | ||
| 650 |
_aEngineering _vIntroduction to Analog & Digital Communications |
||
| 942 | _cBK | ||
| 999 |
_c7795 _d7795 |
||